| 000 | 01357cad a22002055a 4500 | ||
|---|---|---|---|
| 001 | L150667 | ||
| 008 | 100811e2010 xxk 000 0 eng d | ||
| 035 | _a(Sirsi) u150667 | ||
| 041 | 0 | _aeng | |
| 110 | 2 | _aFranklin + Andrews | |
| 245 | 0 | 0 |
_aEconomic Bulletin _h[electronic resource] |
| 260 |
_aLondon _bFranklin+Andrews _c2010 |
||
| 490 |
_aEconomic Bulletin _b2 bulletins per year |
||
| 520 |
_aThe UK's construction industry is among the top 5 major construction nations that are carbon efficient; tender prices 2009-2012; Climate Change Levy (CCL); CRC Energy Efficiency Scheme; graphs illustrating countries' total CO2 emissions, construction output, industrial construction CO2 emissions, carbon efficiencies of construction, and sector composition; discusses carbon efficient construction with cost analysis and charts; the UK economy _bstuttering toward recovery; spotlight on carbon _bcarbon legislation; international viewpoint _bthe carbon efficiency of construction industries; life costing analysis _bcarbon efficient construction? sustainable design _bsustainable external walling. |
||
| 590 | _aKA NTK | ||
| 651 | 4 | _aInternational | |
| 690 | _aBUILT ENVIRONMENT-CONSTRUCTION MARKET | ||
| 856 | 4 | 8 |
_uhttps://www.franklinandrews.com/publications/economicbulletin/ _zRegister for free Economic Bulletins here www.franklinandrews.com |
| 942 | _n0 | ||
| 999 |
_c82602 _d82602 |
||